Most Popular Songs - 1981 - Statistics

General Stats
  • This quiz has been taken 20 times
    19 since last reset
  • The average score is 5 of 12
Answer Stats
Month Artist Answer % Correct
August Soft Cell Tainted Love
81%
March John Lennon Woman
81%
February Kool & The Gang Celebration
75%
December Olivia Newton-John Physical
75%
June Kim Carnes Bette Davis Eyes
50%
September Diana Ross & Lionel Richie Endless Love
44%
November The Police Every Little Thing She Does Is Magic
44%
July Stars on 45 Stars On 45
31%
January John Lennon Just Like Starting Over
25%
October Electric Light Orchestra Hold On Tight
0%
May Bucks Fizz Making Up Your Mind
0%
April Joe Dolce Shaddup Your Face
0%
No matching quizzes found
Score Distribution
Percent of People with Each Score
Percentile by Number Answered
Your Score History
You have not taken this quiz since the last reset